1598 1292 1243 1386 1433 1128 1664 1446 1531 1134 1802 1038 1205 1403 1617 1049 1117 1341 1423 1458 1609 1782 1451 1256 1175 1636 1629 1174 1051 1750 1022 1885 1141 1501 1954 1420 1546 1835 1429 1979 1481 1582 1290 1945 1333 1011 1494 1496 1121 1198 1956 1637 1820 1498 1562 1854 1092 1154 1190 1725 1794 1880 1632 1922 1371 1828 1739 1828 1935 1808 1802 1540 1095 1276 1793 1810 1737 1874 1064 1121 1915 1761 1412 1211 1914 1844 1680 1609 1078 1061 1887 1457 1561 1992 1125 1060 1061 1693 1410 BCNSPRNW ULIB Ver.6.0+V

เปลี่ยนเป็นภาษาไทย

Change to English
 แสดงรายละเอียดบรรณานุกรม
  กลับหน้าหลัก

Brief Record : Get Marc (ISO 2709) : E-mail record : QR code < ปิดหน้าต่าง
LEADER : 00000nam 2200000uu 4500
001    13399120084
003     ULIB
008    120829s2554||||th 000 0 tha d
020    ^a9789742944414
060 04 ^aWY105^bน578ก
100 0  ^aนิตยา ศรีญาณลักษณ์
245 10 ^aการบริหารการพยาบาล /^cนิตยา ศรีญาณลักษณ์, บรรณาธิการ
250    ^aพิมพ์ครั้งที่ 4
260    ^aนนทบุรี :^bโครงการสวัสดิการวิชาการ สถาบันพระบรมราชชนกกระทรวงสาธารณสุข,^c2554
300    ^a[13], 379 หน้า ;^c27 ซม.
650  7 ^aการพยาบาล^xการบริหาร
650  7 ^aการบริหารการพยาบาล
653    ^aLI:RAมีปี2552 พิมพ์ครั้งที่ 3
710 2  ^aสถาบันพระบรมราชชนก. ^bโครงการสวัสดิการวิชาการ
945    ^p240^l0^i19324
945    ^p240^l0^i19325
995    ^aกัณชพร
999    ^aใช้งานได้ทุกระบบ
รายการนี้ยังไม่มีแท็ก
คุณยังไม่ได้ล็อกอิน คุณสามารถมีกิจกรรมร่วมกับเว็บไซต์ได้ แต่ต้องล็อกอินก่อน ::
  ล็อกอิน

รายการสื่อสารสนเทศ

ลำดับที่ ประเภท เลขเรียก/บาร์โค้ด สถานที่ สถานะ
1. วิทยาศาสตร์การแพทย์ และสุขภาพ
วิทยาศาสตร์การแพทย์ และสุขภาพ
สถานะ=หนังสือเก่า
WY105 น578ก  
  Barcode: 19324
ห้องสมุดวิทยาเขตนครสวรรค์
►ส่วนจัดเก็บหนังสือเก่า นว.
บนชั้น
  ขอยืม
2. วิทยาศาสตร์การแพทย์ และสุขภาพ
วิทยาศาสตร์การแพทย์ และสุขภาพ
สถานะ=หนังสือเก่า
WY105 น578ก ฉ.2 
  Barcode: 19325
ห้องสมุดวิทยาเขตนครสวรรค์
►ส่วนจัดเก็บหนังสือเก่า นว.
บนชั้น
  ขอยืม

รายการใกล้เคียง
    ผู้แต่ง [นิตยา ศรีญาณลักษณ์]

    หัวเรื่อง [การบริหารการพยาบาล]

BibComment


ยังไม่เคยถูกคอมเมนท์

คอมเมนท์ทรัพยากรรายการนี้
  คอมเมนท์: การบริหารการพยาบ..


 Copyright 2026. Bcnsprnw @Library